• 首页
  • 本馆介绍
  • 公告通知
  • 最新文献
  • 馆藏检索
  • 电子资源
  • 读者导购
  • 参考咨询
  • 我的图书馆
  • 登录
  • 详细信息显示
  • 放入我的书架
  • 预约/预借图书
  • 作者相关作品
  • 分类相关作品
  • 丛书相关作品
  • 出版社相关作品

书目信息

  • 表格格式
  • 工作单格式
  • 卡片格式
题名:
0-3岁婴幼儿托育课程设计
    
 
作者: 张星星 主编
分册: 下册  
出版信息: 上海   复旦大学出版社有限公司  2022.06
页数: 299页
开本: 26cm
丛书名:
单 册:
中图分类: G618
科图分类:
主题词: 托儿所--课程设计
电子资源:
ISBN: 978-7-309-15346-0
000 00838nam0 2200229 450
001 012001002132
005 20221207154128.40
010    @a978-7-309-15346-0@dCNY98.00
100    @a20220905d2021 em y0chiy50 ea
101 0  @achi
102    @aCN@b310000
105    @aa z 000yy
106    @ar
200 1  @a0-3岁婴幼儿托育课程设计@A0-3 sui ying you er tuo yu ke cheng she ji@h下册@f张星星主编
210    @a上海@c复旦大学出版社有限公司@d2022.06
215    @a299页@c图@d26cm
330    @a本书课程涵盖三个年龄段,分别针对7-12个月(爬爬班)、12-24个月(学步班)、24-36个月(幼幼班)的婴幼儿设计了课程活动。课程包含了环境规划与作息安排、课程表、课程活动详案、课程发展评析等。
606 0  @a托儿所@x课程设计
690    @aG618@v5
701  0 @a张星星@Azhang xing xing@4主编
801  0 @aCN@bAHXH@c20221111
905    @b1367584-8@dG618@e2696:2@f5
    
    0-3岁婴幼儿托育课程设计.下册/张星星主编.-上海:复旦大学出版社有限公司,2022.06
    299页:图;26cm
    
    
    ISBN 978-7-309-15346-0:CNY98.00
    本书课程涵盖三个年龄段,分别针对7-12个月(爬爬班)、12-24个月(学步班)、24-36个月(幼幼班)的婴幼儿设计了课程活动。课程包含了环境规划与作息安排、课程表、课程活动详案、课程发展评析等。
●
相关链接 在E读中查询图书 在五车中查询图书 在当当中查询图书 在豆瓣中查询图书


正题名:0-3岁婴幼儿托育课程设计     索取号:G618/2696:2         预约/预借

序号 登录号 条形码 馆藏地/架位号 状态 备注
1 1367584   213675842   第一样本阅览室/ [索取号:G618/2696:2] 在馆    
2 1367585   213675851   教育系资料室/ [索取号:G618/2696:2] 在馆    
3 1367586   213675860   教育系资料室/ [索取号:G618/2696:2] 在馆    
4 1367587   213675879   第四借阅区/ [索取号:G618/2696:2] 在馆    
5 1367588   213675888   第四借阅区/ [索取号:G618/2696:2] 在馆    
唐山师范学院图书馆 欢迎您!
大连网信软件有限公司© 版权所有